[Event "Eindhoven WLC op 14th"]
[Site "Eindhoven"]
[Date "2024.06.01"]
[Round "4"]
[White "Lee, Jungbin"]
[Black "Maters, Arthur"]
[Result "0-1"]
[WhiteElo "1838"]
[BlackElo "2156"]
[PlyCount "96"]
[EventDate "2024.05.31"]
[EventType "swiss"]
[EventRounds "6"]
[EventCountry "NED"]
[SourceTitle "CBM 220 Extra"]
[Source "ChessBase"]
[SourceDate "2024.07.31"]
[SourceVersion "1"]
[SourceVersionDate "2024.07.31"]
[SourceQuality "1"]

1. d4 e6 2. Nf3 Nf6 3. c4 d5 4. Nc3 c6 5. cxd5 exd5 6. Bg5 Be7 7. e3 h6 8. Bh4 0-0 9. Qc2 Ne8 10. Bxe7 Qxe7 11. Bd3 Nd6 12. 0-0 Nd7 13. Rfc1 Nf6 14. b4 Bg4 15. Ne5 Be6 16. b5 cxb5 17. Nxb5 Rfc8 18. Qb3 Nxb5 19. Qxb5 a6 20. Qb6 Ne8 21. Nf3 Qa3 22. Rxc8 Rxc8 23. Ne1 Rc3 24. Qb1 Nd6 25. Qb6 Ne8 26. Qb1 b5 27. Bf5 Bxf5 28. Qxf5 Nf6 29. Qb1 Ne4 30. Nc2 Qd6 31. Qb2 Rc4 32. Ne1 Qc6 33. Nd3 Qc7 34. Nb4 Qd6 35. Nd3 b4 36. Rc1 a5 37. f3 Nc3 38. Re1 Na4 39. Qb3 Nb6 40. Qb2 Rc3 41. Nc5 Nc4 42. Qf2 Qg6 43. e4 Nb6 44. Re3 Qg5 45. Re1 a4 46. exd5 Qxd5 47. Qd2 Rxc5 48. Re8+ Kh7 0-1

[Event "Eindhoven WLC op 14th"]
[Site "Eindhoven"]
[Date "2024.06.01"]
[Round "3"]
[White "Margarido, Jose Miguel Teixeir"]
[Black "Lee, Jungbin"]
[Result "1-0"]
[WhiteElo "2084"]
[BlackElo "1838"]
[PlyCount "207"]
[EventDate "2024.05.31"]
[EventType "swiss"]
[EventRounds "6"]
[EventCountry "NED"]
[SourceTitle "CBM 220 Extra"]
[Source "ChessBase"]
[SourceDate "2024.07.31"]
[SourceVersion "1"]
[SourceVersionDate "2024.07.31"]
[SourceQuality "1"]

1. c4 e6 2. g3 d5 3. Nf3 Nf6 4. Bg2 Be7 5. 0-0 0-0 6. b3 c6 7. Bb2 b6 8. d4 Bb7 9. Nc3 Nbd7 10. Nd2 Rc8 11. e4 dxe4 12. Ndxe4 Nxe4 13. Nxe4 Nf6 14. Qc2 Qc7 15. c5 Nd5 16. a3 a5 17. Rfe1 Rfd8 18. Bf1 Ra8 19. cxb6 Qxb6 20. Nc5 Nc7 21. Bg2 Nd5 22. Bf1 Nc7 23. Rac1 Nb5 24. Red1 Rac8 25. Bg2 Ba8 26. Rd3 Bf6 27. Rcd1 Qa7 28. Be4 Nd6 29. Bg2 Nb5 30. h4 h5 31. Bh3 Re8 32. Bg2 Red8 33. Bf3 g6 34. Be4 Nd6 35. Bg2 Nb5 36. Bh3 Re8 37. Rf3 Bg7 38. Rfd3 Red8 39. Qc1 Re8 40. Qe3 Nd6 41. Qc1 Nb5 42. Qc2 Nd6 43. Bc1 Red8 44. Bg5 Re8 45. Bf4 Nf5 46. Be5 Rcd8 47. Bxg7 Kxg7 48. Qe2 Qc7 49. Qe5+ Qxe5 50. dxe5 Rd5 51. Rxd5 cxd5 52. Bxf5 gxf5 53. f4 f6 54. exf6+ Kxf6 55. Kf2 Rc8 56. Rc1 Ke7 57. Ke3 Rg8 58. Rg1 Kd6 59. Kd4 Rc8 60. Rc1 Rg8 61. Rc3 Rg4 62. Re3 Rg6 63. Nd3 Rg8 64. Ne5 Bc6 65. Nxc6 Kxc6 66. Rxe6+ Kd7 67. Re3 Kd6 68. Re5 Rxg3 69. Rxf5 Rxb3 70. Rxd5+ Ke6 71. Rxa5 Rf3 72. Ke4 Rh3 73. Rxh5 Rxa3 74. Rh6+ Kf7 75. Kf5 Ra5+ 76. Kg4 Kg7 77. Rb6 Ra1 78. Kg5 Rg1+ 79. Kf5 Rh1 80. Rg6+ Kf7 81. Rg4 Ra1 82. Kg5 Ra5+ 83. f5 Ra8 84. Rb4 Rg8+ 85. Kf4 Rh8 86. Rb7+ Kf6 87. Rb6+ Kf7 88. Kg5 Rg8+ 89. Rg6 Ra8 90. Rf6+ Kg7 91. Rb6 Ra1 92. Rb7+ Kf8 93. h5 Rg1+ 94. Kf6 Kg8 95. Rb8+ Kh7 96. Ke6 Re1+ 97. Kf7 Rf1 98. f6 Kh6 99. Rh8+ Kg5 100. Rg8+ Kf5 101. Rg2 Ra1 102. Rf2+ Kg5 103. Kg7 Ra6 104. f7 1-0